header

Tower of transformational leadership (Record no. 257493)

MARC details
000 -LEADER
fixed length control field 00522nam a22001817a 4500
003 - CONTROL NUMBER IDENTIFIER
control field OSt
005 - DATE AND TIME OF LATEST TRANSACTION
control field 20190222112525.0
008 - FIXED-LENGTH DATA ELEMENTS--GENERAL INFORMATION
fixed length control field 190222b xxu||||| |||| 00| 0 eng d
010 ## - LIBRARY OF CONGRESS CONTROL NUMBER
LC control number 2016343313
020 ## - INTERNATIONAL STANDARD BOOK NUMBER
International Standard Book Number 9789966561848
040 ## - CATALOGING SOURCE
Transcribing agency N/A
050 ## - LIBRARY OF CONGRESS CALL NUMBER
Classification number LB2341.8
Item number .K4 M34 2017
100 ## - MAIN ENTRY--PERSONAL NAME
Personal name Magoha, George Albert Omore.
245 ## - TITLE STATEMENT
Title Tower of transformational leadership
260 ## - PUBLICATION, DISTRIBUTION, ETC. (IMPRINT)
Place of publication, distribution, etc Nairobi, Kenya :
Name of publisher, distributor, etc Kenway Publications,
Date of publication, distribution, etc 2017.
300 ## - PHYSICAL DESCRIPTION
Extent xix, 364 pages
Other physical details : color illustrations
Dimensions ; 23 cm
942 ## - ADDED ENTRY ELEMENTS (KOHA)
Source of classification or shelving scheme Library of Congress Classification
Koha item type Long Loan Books
Holdings
Withdrawn status Lost status Source of classification or shelving scheme Damaged status Not for loan Collection code Home library Current library Shelving location Date acquired Total Checkouts Full call number Barcode Date last seen Date checked out Price effective from Koha item type
    Library of Congress Classification     Non-fiction Rongo University Library Rongo University Library General Stacks 22/02/2019 4 LB2341.8 .K4 M34 2017 201901601 26/02/2020 22/08/2019 22/02/2019 Long Loan Books

© 2026 Rongo University
Contact us: librarian | system librarian | Rongo university